| 000 | 01598nam a22003857a 4500 | ||
|---|---|---|---|
| 001 | 79 | ||
| 003 | FISKH | ||
| 005 | 20230222115604.0 | ||
| 008 | 230221b cb ||||| |||| 00| 0 eng d | ||
| 010 | _a 2012942670 | ||
| 020 | _a9780763664435 (paperback) | ||
| 020 | _a076366443X (paperback) | ||
| 020 | _z9780763658311 (hardcover) | ||
| 035 | _a(OCoLC)ocn839882270 | ||
| 040 |
_aNYP _beng _cNYP _erda _dNYP _dOCLCQ _dOCLCO _dBDX _dDLC _dFISKH |
||
| 042 | _alccopycat | ||
| 050 | 0 | 0 |
_aPZ7.D2842 _bWe 2013 |
| 082 | 0 | 4 | _a823.92 |
| 100 | 1 |
_aDavies, Nicola, _d1958- _eauthor. |
|
| 245 | 1 | 0 |
_aWelcome to Silver Street Farm / _cNicola Davies ; illustrated by Katharine McEwen. |
| 250 | _aFirst U.S. paperback edition. | ||
| 264 | 1 |
_aSomerville, Massachusetts : _bCandlewick Press, _c2013. |
|
| 300 |
_a72 p. _billustrations, map ; _c20 cm |
||
| 336 |
_atext _btxt _2rdacontent |
||
| 337 |
_aunmediated _bn _2rdamedia |
||
| 338 |
_avolume _bnc _2rdacarrier |
||
| 520 | _aWhat can city friends to do when newly adopted baby poodles turn out to be sheep and some eggs thought to be rotten hatch into ducklings? For Gemma, Meera, and Karl, the answer's easy--turn the abandoned train station into a city farm! Throw in a friendly policeman, a chicken-herding dog, and a pair of runaway goats, and you've got yourself a little farm in the big city | ||
| 521 | 1 |
_a890 _bLexile |
|
| 521 | 1 |
_aX _bRaz-Plus |
|
| 650 | 0 |
_aFarm life _vJuvenile fiction. |
|
| 650 | 1 |
_aFarm life _vFiction. |
|
| 700 | 1 |
_aMcEwen, Katharine, _eillustrator. |
|
| 906 |
_a7 _bcbc _ccopycat _d2 _encip _f20 _gy-gencatlg |
||
| 942 |
_2ddc _cBK _n0 |
||
| 999 |
_c79 _d79 |
||